Al liderazgo por la venta

Bibliographic Details
Main Author: Almunia, Jos ̌Luis
Format: eBook
Language:Spanish
Published: Bogot:̀ Ediciones de la U, 2012
Subjects:
Online Access:Acceso restringido

MARC

LEADER 00000nam a22000007a 4500
005 20210716225638.0
007 cr|||| ||||
008 210716s2012 co |||||s|||| 00||0 spa d
020 |a 978-958-762-011-5 
035 |a 33325 
040 |a vLex 
090 |c 11864  |d 11864 
100 1 |a Almunia, Jos ̌Luis 
245 1 2 |a Al liderazgo por la venta  |h [Recurso electrn̤ico] /  |c Jos ̌Luis Almunia 
256 |a Servicio en ln̕ea 
260 |a Bogot:̀  |b Ediciones de la U,  |c 2012 
300 |a 1 recurso electrn̤ico 
500 |a Un libro que habla de liderazgo y de ventas podra̕ entenderse que va dirigido especialmente a vendedores. Pues no, en absoluto. Tambiň podra̕ entenderse que es una obra especialmente escrita para directores comerciales, jefes de venta, directores de marketing, jefes de compras, en fin, para personas que de una u otra forma venden productos fs̕icos o servicios impalpables. Pues tampoco en absoluto. Podra̕ pensarse, por el třmino liderazgo del tt̕ulo, que se orienta a directivos, ejecutivos incluso ld̕eres. Pues tampoco. Esta obra, adems̀ de ser t︢il y una herramienta muy eficaz para todos esos profesionales de la venta, este libro est ̀escrito pensando en todos, absolutamente en todos. Y eso de todos, en serio, ¿qu ̌quiere decir?, ¿implica que tambiň est ̀dirigido a mi abuelita la pobre, que siempre ha tenido por profesin̤ ?sus tareas? y no sabe muy bien qu ̌significa eso de vender y mucho menos entiende qu ̌es el liderazgo? Pues s,̕ seǫr, para la abuelita tambiň est ̀escrito este libro. Si hemos dicho para todos, significa que para todos. 
506 1 |a Disponible solo en los productos indicados  |d vLex Global  |d vLex Global (Academic Edition, excluding Law Schools)  |d vLex Global (U.S. Academic Edition, Law Schools)  |d vLex Global (U.S. Academic Edition, excluding Law Schools)  |d vLex Global (Academic Edition, Law Schools) 
650 0 4 |a Economa̕ y negocios  |z Colombia 
740 0 |a vLex Libros (Servicio en ln̕ea) 
856 4 0 |u https://vlex.com/source/liderazgo-por-la-venta-33325  |z Acceso restringido 
942 |c BOOK 
999 0 |a Economy and business